000 01899cam a2200373 a 4500
001 EDZ0000104787
003 StDuBDS
005 20161031105205.0
006 m||||||||d||||||||
007 cr |||||||||||
008 121017s2011 caua fo| 001|0|eng d
020 _a9781452275208 (ebook) :
_cNo price
040 _aStDuBDS
_beng
_cStDuBDS
_epn
049 _aAlfaisal Main Library
050 0 _aBF636.7.H86
_bW37 2011
082 0 4 _a158.3
_223
100 1 _aWard, Colin C.
245 1 0 _aStrength-centered counseling
_h[electronic resource] :
_bintegrating postmodern approaches and skills with practice /
_cColin C. Ward, Teri Reuter.
260 _aThousand Oaks, Calif. ;
_aLondon :
_bSAGE,
_cc2011.
300 _a1 online resource (201 p.) :
_bill.
520 8 _aThe counselling model presented in this book goes beyond traditional approaches by equipping mental health practitioners with strength-centred techniques and interventions. It also provides graduate students in counsellor education programmes a foundation while working in an effective broad-application model of counselling. The authors offer a cutting-edge text that presents the counselling knowledge and skills needed to assist individuals and families with embracing life's struggles not only from a context of problems and adversity, but also of solutions, strengths, and wellness.
521 _aSpecialized.
588 _aDescription based on print version record.
504 _aIncludes bibliographical references and index.
650 0 _aHumanistic counseling.
650 0 _aClient-centered psychotherapy.
650 0 _aCounseling.
655 7 _aElectronic books.
_2local
700 1 _aReuter, Teri.
710 2 _aSage eBooks
776 0 8 _iPrint version :
_z9781412973298
856 4 0 _uhttp://ezproxy.alfaisal.edu/login?url=http://sk.sagepub.com/books/strength-centered-counseling
942 _2lcc
_cEBOOKS
999 _c481329
_d481329